Konečná spotreba domácností v SR a meranie dopadov DPH na spotrebu
Na meranie efektívnosti (výnosovosti) DPH systémov sa využíva tzv. výnosový ukazovateľ DPH (the VAT revenue ratio), ktorý je definovaný ako pomer reálne vybraného príjmu z DPH a potenciálne získaného príjmu z DPH, ak by sa na celú národnú spotrebu aplikovala štandardná sadzba DPH. V SR až dve tretin...
Uložené v:
| Hlavný autor: | |
|---|---|
| Médium: | Kapitola |
| Jazyk: | Slovak |
| Predmet: | |
| Tagy: |
Žiadne tagy, Buďte prvý, kto otaguje tento záznam!
|
MARC
| LEADER | 00000naa$a2200000$$$4500 | ||
|---|---|---|---|
| 001 | 0111271 | ||
| 005 | 20240502072230.6 | ||
| 041 | 0 | |a slo | |
| 044 | |a SK | ||
| 245 | 1 | 0 | |a Konečná spotreba domácností v SR a meranie dopadov DPH na spotrebu |c Marcela Rabatinová |
| 520 | |a Na meranie efektívnosti (výnosovosti) DPH systémov sa využíva tzv. výnosový ukazovateľ DPH (the VAT revenue ratio), ktorý je definovaný ako pomer reálne vybraného príjmu z DPH a potenciálne získaného príjmu z DPH, ak by sa na celú národnú spotrebu aplikovala štandardná sadzba DPH. V SR až dve tretiny z celkovej národnej spotreby tvorí konečná spotreba domácností. Z analýzy OECD vyplýva, že systémy DPH s rôznym počtom uplatňovaných znížených sadzieb a rôznymi oslobodeniami sú spojené s vysokými daňovými výdavkami v porovnaní s čistým DPH režimom. To by mohlo viesť k hypotéze, že 30-50 percent potenciálnych príjmov nepodlieha zdaneniu alebo ak aj podlieha, tieto príjmy nie sú skutočne vybrané. | ||
| 610 | 2 | 0 | |a domácnosti |
| 610 | 2 | 0 | |a spotreba konečná |
| 610 | 2 | 0 | |a príjmy |
| 610 | 2 | 0 | |a dane z hodnoty pridanej |
| 610 | 2 | 0 | |a výnosy |
| 610 | 2 | 0 | |a ukazovatele |
| 100 | 1 | |a Rabatinová, Marcela, 1977- | |